Football Legends A-Z - Statistics

General Stats
  • This quiz has been taken 213 times
  • The average score is 22 of 26
Answer Stats
Picture Answer % Correct
Gianluigi Buffon
99%
Sergio Agüero
97%
Diego Maradona
94%
Roberto Carlos
94%
Andrés Iniesta
93%
Pelé
92%
Ronaldinho
92%
Steven Gerrard
90%
Eusébio
89%
Mesut Özil
89%
Ricardo Kaká
89%
Xavi Hernández
89%
Philipp Lahm
83%
Pavel Nedved
81%
David Silva
80%
Samuel Umtiti
78%
Javier Zanetti
77%
Cesc Fàbregas
76%
Edgar Davids
76%
Lev Yashin
75%
Park Ji-Sung
75%
Víctor Valdés
75%
Ricardo Quaresma
70%
Yaya Touré
70%
George Weah
66%
Gheorghe Hagi
65%
No matching quizzes found
Score Distribution
Percent of People with Each Score
Percentile by Number Answered
Your Score History
You have not taken this quiz